000 00640nam a2200181Ia 4500
008 151018s9999 xx 000 0 und d
082 _bRBASDV63240
_a891.463
100 _aप्रमोद शंकर शिंदे
245 _aआठवणीचा गजरा
250 _b1
260 _b"गवळी प्रकाशन, इस्लामपूर"
_c2013
300 _a72
600 _aप्रमोद शंकर शिंदे
630 _aआठवणीचा गजरा
700 _aप्रमोद शंकर शिंदे
730 _aआठवणीचा गजरा
942 _cBOOK
999 _c1055583
_d1055580